UBT Library

Biology : (Record no. 39859)

000 -LEADER
fixed length control field 00745cam a22002534a 4500
001 - CONTROL NUMBER
control field 15124950
005 - DATE AND TIME OF LATEST TRANSACTION
control field 20180109040938.0
008 - FIXED-LENGTH DATA ELEMENTS--GENERAL INFORMATION
fixed length control field 080102s2009 cauab 001 0 eng
010 ## - LIBRARY OF CONGRESS CONTROL NUMBER
LC control number 2007052356
020 ## - INTERNATIONAL STANDARD BOOK NUMBER
International Standard Book Number 9780321489845
020 ## - INTERNATIONAL STANDARD BOOK NUMBER
International Standard Book Number 0321489845
035 ## - SYSTEM CONTROL NUMBER
System control number (OCoLC)ocn187300308
035 ## - SYSTEM CONTROL NUMBER
System control number (OCoLC)187300308
040 ## - CATALOGING SOURCE
Original cataloging agency DLC
Transcribing agency DLC
Modifying agency YDX
-- YDXCP
-- BAKER
-- DLC
041 ## - LANGUAGE CODE
Language code of text/sound track or separate title eng
080 ## - UNIVERSAL DECIMAL CLASSIFICATION NUMBER
Universal Decimal Classification number 570
082 00 - DEWEY DECIMAL CLASSIFICATION NUMBER
Classification number 570 CAM
Edition number 22
100 ## - Rafti
Rafti 11
101 ## - Shkurtesa
Shkurtesa BIO
245 00 - TITLE STATEMENT
Title Biology :
Statement of responsibility, etc Neil A. Campbell ... [et al.].
906 ## - LOCAL DATA ELEMENT F, LDF (RLIN)
a 7
b cbc
c orignew
d 1
e ecip
f 20
g y-gencatlg
942 ## - ADDED ENTRY ELEMENTS (KOHA)
Source of classification or shelving scheme
Item type Books
Holdings
Withdrawn status Lost status Source of classification or shelving scheme Damaged status Not for loan Collection code Permanent location Current location Shelving location Date acquired Total Checkouts Full call number Barcode Date last seen Price effective from Koha item type
          Koleksioni i përgjithshem UBT - Lipjan UBT - Lipjan Koleksioni i përgjithshem 01/09/2018   570 CAM 002-2995223 01/09/2018 01/09/2018 Books
UBT Library © 2015-2024. All rights reserved University Education for Business and Technology